000 00418nam a2200157Ia 4500
003 GCL
008 140319s9999 xx 000 0 ara d
040 _aGCL /
_cGCL
082 0 4 _a191
_bز هـ
100 1 _aزكى نجيب محمود
245 1 0 _aهذا العصر وثقافتة ط3 /
_cزكى نجيب محمود
300 _a242 ص
490 _a
650 0 4 _aالثقافة العربية
942 _2ddc
_cBK
999 _c38763
_d38763